| 000 | 00851cab a2200277 4500 | ||
|---|---|---|---|
| 001 | ABS49107 | ||
| 008 | 090401t1993 xxu||||| |||| 00| 0 eng d | ||
| 035 | _a(Sirsi) u70023 | ||
| 041 | _aeng | ||
| 100 | _aBeare, M. | ||
| 245 | _aFaults in concrete : identification and repair | ||
| 260 | _c1993 | ||
| 350 | _a0 | ||
| 490 |
_aConstruction Repair _v7(4) July/August 1993, 24-26(3) |
||
| 520 | _aProvides an overview of the commonest faults in concrete, how to identify them and how to plan for their efficient and cost effective repair. | ||
| 650 | _aALKALI SILICA REACTION | ||
| 650 | _aCARBONATION | ||
| 650 | _aCHLORIDES | ||
| 650 | _aALKALI SILICA REACTION | ||
| 650 | _aCORROSION | ||
| 650 | _aDEFECTS | ||
| 650 | _aREINFORCED CONCRETE | ||
| 690 | _aBUILT ENVIRONMENT-BUILDING PATHOLOGY | ||
| 942 | _n0 | ||
| 948 | _c04/03/1997 | ||
| 999 |
_c44045 _d44045 |
||